|
|
|
|
| LEADER |
03519nam a22004935i 4500 |
| 001 |
978-3-319-44521-2 |
| 003 |
DE-He213 |
| 005 |
20161115160556.0 |
| 007 |
cr nn 008mamaa |
| 008 |
161115s2017 gw | s |||| 0|eng d |
| 020 |
|
|
|a 9783319445212
|9 978-3-319-44521-2
|
| 024 |
7 |
|
|a 10.1007/978-3-319-44521-2
|2 doi
|
| 040 |
|
|
|d GrThAP
|
| 050 |
|
4 |
|a QB4
|
| 072 |
|
7 |
|a PG
|2 bicssc
|
| 072 |
|
7 |
|a SCI004000
|2 bisacsh
|
| 072 |
|
7 |
|a NAT033000
|2 bisacsh
|
| 082 |
0 |
4 |
|a 520
|2 23
|
| 100 |
1 |
|
|a Orchiston, Wayne.
|e author.
|
| 245 |
1 |
0 |
|a John Tebbutt
|h [electronic resource] :
|b Rebuilding and Strengthening the Foundations of Australian Astronomy /
|c by Wayne Orchiston.
|
| 264 |
|
1 |
|a Cham :
|b Springer International Publishing :
|b Imprint: Springer,
|c 2017.
|
| 300 |
|
|
|a XLVII, 555 p. 262 illus., 111 illus. in color.
|b online resource.
|
| 336 |
|
|
|a text
|b txt
|2 rdacontent
|
| 337 |
|
|
|a computer
|b c
|2 rdamedia
|
| 338 |
|
|
|a online resource
|b cr
|2 rdacarrier
|
| 347 |
|
|
|a text file
|b PDF
|2 rda
|
| 490 |
1 |
|
|a Historical & Cultural Astronomy,
|x 2509-310X
|
| 505 |
0 |
|
|a 1 John Tebbutt: Australian Astronomer Extraordinare -- 2 An Invaluable Resource: The "Tebbutt Collection" in the Mitchell Library, Sydney -- 3 The Development of Professional Astronomy in Nine Century Century/Australia -- 4 The Role of the Independent Astronomer in Early Australian Economy. 5 Introduction. 6 The Great Comet of 1861: A Magnificent Career Catalyst. 7 An Urge for Independence: The Sydney Observatory Directorship. 8 From Humble Beginnings: The Development of Windsor Observatory. 9 A Timely Spectacle: The Great Comet of 1881 Introduction. 10 An Abortive Association: The Australian Comet Corps. 11 A Gain in Light Grasp: The Legacy of the Grubb Telescope. 12 Power, Politics and Prestige: The Russell-Tebbutt Feud. 13 Astronomers in Isolation: A New Branch of the British Astronomical Association. 14 The End of an Era: A Welcome and Long-Earned Retirement. 15 The Sequel: From Scientific Observatory to Museum of Astronomy. INDEX.
|
| 520 |
|
|
|a This book marks the centennial of Tebbutt's death with a major biographical account surveying his scientific contributions to astronomy, prefaced with a foreword by Sir Patrick Moore. During the second half of the nineteenth century, Tebbutt was Australia's foremost astronomer. He devoted his time and funds to astronomy, and built a truly international reputation that far surpassed Australia's leading professional astronomers of the day. This book marks the centennial of Tebbutt's death with a major biographical account. Tebbutt's remarkable record of achievement extends over more than half a century. Orchiston's book covers the whole of Tebbutt's career, from his yearly observatory reports and comet discoveries to his time as the first president of Sydney's branch of the British Astronomical Association.
|
| 650 |
|
0 |
|a Physics.
|
| 650 |
|
0 |
|a Islands of the Pacific
|x History.
|
| 650 |
|
0 |
|a Observations, Astronomical.
|
| 650 |
|
0 |
|a Astronomy
|x Observations.
|
| 650 |
1 |
4 |
|a Physics.
|
| 650 |
2 |
4 |
|a Astronomy, Observations and Techniques.
|
| 650 |
2 |
4 |
|a History and Philosophical Foundations of Physics.
|
| 650 |
2 |
4 |
|a Australasian History.
|
| 710 |
2 |
|
|a SpringerLink (Online service)
|
| 773 |
0 |
|
|t Springer eBooks
|
| 776 |
0 |
8 |
|i Printed edition:
|z 9783319445205
|
| 830 |
|
0 |
|a Historical & Cultural Astronomy,
|x 2509-310X
|
| 856 |
4 |
0 |
|u http://dx.doi.org/10.1007/978-3-319-44521-2
|z Full Text via HEAL-Link
|
| 912 |
|
|
|a ZDB-2-PHA
|
| 950 |
|
|
|a Physics and Astronomy (Springer-11651)
|